000
00204 a2200097 4500
001
10548
100
_a
Leavell,S
245
_a
Standard aircraft handbook
260
_a
_b
Aero pub
_c
090
_c
8162
_d
8162
942
_a
NUST-CAE
_c
M
_c
34892
999
_c
245621
_d
245621